Instrument technology /
Guardado en:
| Autor Principal: | |
|---|---|
| Formato: | Libro |
| Idioma: | English |
| Publicado: |
London :
Butterworths,
[1974-
|
| Edición: | [3d ed.]. |
| Materias: | |
| Etiquetas: |
Agregar Etiqueta
Sin Etiquetas, Sea el primero en etiquetar este registro!
|
| LEADER | 01166cam a22002895a 4500 | ||
|---|---|---|---|
| 001 | EIQ.libpla001183 | ||
| 008 | 740802m19749999enkao#########001#0#eng#d | ||
| 005 | 20071227155637.0 | ||
| 245 | 1 | 0 | |a Instrument technology / |c [by] E. B. Jones. |
| 250 | |a [3d ed.]. | ||
| 260 | |a London : |b Butterworths, |c [1974- | ||
| 300 | |a v. : |b il., fotos ; |c 24 cm. | ||
| 505 | 1 | |a v. 1. Measurement of pressure, level, flow and temperature -- v. 2. On-line analysis instruments -- v. 3. Telemetering and automatic control. | |
| 020 | |a 0408705353 (v.1) | ||
| 020 | |a 0408001984 (v.2) | ||
| 020 | |a 0408230517 (v.3) | ||
| 100 | 1 | |a Jones, E. B. |q (Ernest Beachcroft) | |
| 082 | 0 | 0 | |a 620/.0028 |
| 650 | 4 | |a Instrumentos de ingeniería |x Mediciones. | |
| 650 | 4 | |a Instrumentos de ingeniería |x Análisis. | |
| 650 | 4 | |a Engineering instruments |x Measurements. | |
| 650 | 4 | |a Engineering instruments |x Analysis. | |
| 010 | |a 74171401 | ||
| 040 | |a DLC |c DLC |d AR-BbSID | ||
| 859 | |a AR-BbSID |b BIB. PLAPIQUI |h 6212.374 |i J 714 |p 2682 |v Vol. 1 |3 Vol. 1 | ||
| 859 | |a AR-BbSID |b BIB. PLAPIQUI |h 6212.374 |i J 714 |p 2681 |v Vol. 2 |3 Vol. 2 | ||
| 859 | |a AR-BbSID |b BIB. PLAPIQUI |h 6212.374 |i J 714 |p 2680 |v Vol. 3 |3 Vol. 3 | ||
